Tunnista eläin zoomatusta kuvasta II - Statistics

Yleistilastot
  • Tätä visaa on pelattu 106 kertaa
  • Keskiarvotulos 4 / 8
Vastaustilastot
Kuvavisa Vastaus % Oikein
leijona
89%
kala
82%
sarvikuono
69%
orava
57%
kotka
40%
kirahvi
39%
poro
36%
vuohi
29%
Ehtoja vastaavia visoja ei löytynyt
Tulosjakauma
Jokaisen tuloksen saaneiden osuus
Persentiili vastausten määrän mukaan
Tuloshistoriasi
Et ole pelannut tätä visaa